| 000 | 01057cab a2200253 4500 | ||
|---|---|---|---|
| 001 | ABS49053 | ||
| 008 | 090401t1993 xxu||||| |||| 00| 0 eng d | ||
| 035 | _a(Sirsi) u69669 | ||
| 041 | _aeng | ||
| 100 | _aCheetham, D.W. | ||
| 245 | 4 | _aThe challenge of assuring quality on site: British construction site quality assurance case study | |
| 260 | _c1993 | ||
| 350 | _a0 | ||
| 490 |
_aBuilding Research and Information _v21(2), March/April 1993, 85-98(14) |
||
| 520 | _aRelates the requirement for quality assurance to the peculiar difficulties of the construction industry. Examines the issue through a case study, looking at standard management procedures in practice. Ends with suggestions for future progress and stresses the importance of integrating client expectations with those of consultant and contractor. | ||
| 650 | _aBS 5750 | ||
| 650 | _aCONSTRUCTION SITES | ||
| 650 | _aQUALITY MANAGEMENT | ||
| 650 | _aQUALITY PROCEDURES | ||
| 690 |
_aProject management _96261 |
||
| 700 | _aCarter, D.J. | ||
| 942 | _n0 | ||
| 948 | _c04/03/1997 | ||
| 999 |
_c43775 _d43775 |
||